| 000 | 00327nam a2200133Ia 4500 | ||
|---|---|---|---|
| 082 |
_a612 _bH00T |
||
| 100 | _aO.P .TANDON | ||
| 245 | _aMCQS IN HUMAN PHYSIOLOGY: BASIC AND APPLIED | ||
| 250 | _a3RD | ||
| 260 |
_bJAYPEE MEDICAL PUBLISHER _aDARYAGANJ ( DELHI) _c2000 |
||
| 300 | _a1-251 | ||
| 650 | _aPHYSIOLOGY | ||
| 942 |
_2ddc _cBK |
||
| 999 |
_c2467 _d2467 |
||